书目信息 |
| 题名: |
园林建筑设计从入门到精通
|
|
| 作者: | 宁荣荣 , 李娜 主编 | |
| 分册: | ||
| 出版信息: | 北京 化学工业出版社 2017.8 |
|
| 页数: | 178页 | |
| 开本: | 26cm | |
| 丛书名: | ||
| 单 册: | ||
| 中图分类: | TU986.4 | |
| 科图分类: | ||
| 主题词: | 园林建筑--园林设计 | |
| 电子资源: | ||
| ISBN: | 978-7-122-26876-1 | |
| 000 | 00866nam0 2200265 450 | |
| 001 | 0400004659 | |
| 005 | 20171024145248.0 | |
| 010 | @a978-7-122-26876-1@dCNY48.00 | |
| 100 | @a20160923d2017 em y0chiy50 ea | |
| 101 | 0 | @achi |
| 102 | @aCN@b110000 | |
| 105 | @aa z 000yy | |
| 106 | @ar | |
| 200 | 1 | @a园林建筑设计从入门到精通@9yuan lin jian zhu she ji cong ru men dao jing tong@f宁荣荣,李娜主编 |
| 210 | @a北京@c化学工业出版社@d2017.8 | |
| 215 | @a178页@c图@d26cm | |
| 300 | @a园林工程规划设计必读书系 | |
| 307 | @a实际页数为:179 | |
| 330 | @a本书主要内容包括:绪论、园林建筑设计原理、园林建筑小品设计、园林建筑单体设计和园林建筑庭院设计。 | |
| 606 | 0 | @a园林建筑@x园林设计 |
| 690 | @aTU986.4@v5 | |
| 701 | 0 | @a宁荣荣@9ning rong rong@4主编 |
| 701 | 0 | @a李娜@9li na@4主编 |
| 801 | 0 | @aCN@b91MARC@c20171024 |
| 905 | @b1038700-4@dTU986.4@f5@e1320 | |
| 园林建筑设计从入门到精通/宁荣荣,李娜主编.-北京:化学工业出版社,2017.8 |
| 178页:图;26cm |
| 园林工程规划设计必读书系 |
| ISBN 978-7-122-26876-1:CNY48.00 |
| 本书主要内容包括:绪论、园林建筑设计原理、园林建筑小品设计、园林建筑单体设计和园林建筑庭院设计。 |
| ● |
| 相关链接 |
|
|
|
|
正题名:园林建筑设计从入门到精通
索取号:TU986.4/1320
 
预约/预借
| 序号 | 登录号 | 条形码 | 馆藏地/架位号 | 状态 | 备注 |
| 1 | 1038700 | 210387008 | 第二样本阅览室/ [索取号:TU986.4/1320] | 在馆 | |
| 2 | 1038701 | 210387017 | 密集书库-生命科学系/ [索取号:TU986.4/1320] | 在馆 | |
| 3 | 1038702 | 210387026 | 第三借阅区/ [索取号:TU986.4/1320] | 在馆 | |
| 4 | 1038703 | 210387035 | 第三借阅区/ [索取号:TU986.4/1320] | 在馆 | |
| 5 | 1038704 | 210387044 | 第三借阅区/ [索取号:TU986.4/1320] | 在馆 |